| 000 -LEADER |
| fixed length control field |
00635nam a2200205Ia 4500 |
| 001 - CONTROL NUMBER |
| control field |
8017 |
| 003 - CONTROL NUMBER IDENTIFIER |
| control field |
GE_BSU |
| 008 - FIXED-LENGTH DATA ELEMENTS--GENERAL INFORMATION |
| fixed length control field |
181216s||||||||xx |||||||||||||| ||und|| |
| 040 ## - CATALOGING SOURCE |
| Transcribing agency |
GE_BSU |
| 080 ## - UNIVERSAL DECIMAL CLASSIFICATION NUMBER |
| Universal Decimal Classification number |
54(035.5) |
| 245 ## - TITLE STATEMENT |
| Title |
Краткий справочник химика. |
| 245 ## - TITLE STATEMENT |
| Statement of responsibility, etc. |
Сост.В.И.Перельман, под общей ред. Б.В.Некрасова. Ред. В.А.Аврамов,Е.В.Яшке. |
| 260 ## - PUBLICATION, DISTRIBUTION, ETC. |
| Place of publication, distribution, etc. |
М. |
| 260 ## - PUBLICATION, DISTRIBUTION, ETC. |
| Name of publisher, distributor, etc. |
Госхимиздат. |
| 260 ## - PUBLICATION, DISTRIBUTION, ETC. |
| Date of publication, distribution, etc. |
1954. |
| 300 ## - PHYSICAL DESCRIPTION |
| Extent |
559стр. 20см. |
| 300 ## - PHYSICAL DESCRIPTION |
| Accompanying material |
табл. |
| 653 ## - INDEX TERM--UNCONTROLLED |
| Uncontrolled term |
Краткий справочник химика. |
| 942 ## - ADDED ENTRY ELEMENTS (KOHA) |
| Koha item type |
წიგნი |